Jack Welch Speaks (Record no. 354449)

MARC details
000 -LEADER
fixed length control field 00344nam a2200145Ia 4500
008 - FIXED-LENGTH DATA ELEMENTS--GENERAL INFORMATION
fixed length control field 230719s9999 xx 000 0 und d
041 ## - LANGUAGE CODE
Language code of text/sound track or separate title eng
082 ## - DEWEY DECIMAL CLASSIFICATION NUMBER
Classification number 338.762138092
Item number LOW
100 ## - MAIN ENTRY--PERSONAL NAME
Personal name Lowe J.
9 (RLIN) 203855
245 ## - TITLE STATEMENT
Title Jack Welch Speaks
260 ## - PUBLICATION, DISTRIBUTION, ETC. (IMPRINT)
Date of publication, distribution, etc. 1998
Name of publisher, distributor, etc. John Wiley
300 ## - PHYSICAL DESCRIPTION
Extent 232
365 ## - TRADE PRICE
Currency code Rs.
Price amount 100.00
700 ## - ADDED ENTRY--PERSONAL NAME
Personal name Lowe J.
9 (RLIN) 203855
Holdings
Withdrawn status Lost status Damaged status Not for loan Home library Current library Shelving location Date acquired Vendor Cost, normal purchase price Full call number Barcode Date last seen Cost, replacement price Bill Date Koha item type Original Barcode
        Cummins College of Engineering for Women Pune Cummins College of Engineering for Women Pune Donated Book 04/09/2017 Masurkar Enterprises 100.00 338.762138092 CCEP-DB-654 19/07/2023 100.00 19/07/2023 Books D00654